|
|
|
|
| LEADER |
00000cam a2200000 a 4500 |
| 001 |
vtls011726190 |
| 003 |
SK-MaSNL |
| 005 |
20260302090551.0 |
| 008 |
251120s2017 xo a f j f000 0 slo |
| 013 |
|
|
|a 288518
|b xr
|c patent
|d 20171120
|e dátum sprístupnenia patentu
|
| 013 |
|
|
|a 5041-2008
|e číslo prihlášky
|d 20080424
|e dátum podania prihlášky
|d 20090907
|e dátum zverejnenia prihlášky (Vestník ÚPV SR č.: 09/2009)
|
| 013 |
|
|
|a PV 2008-94
|e číslo prioritnej prihlášky
|d 20080221
|e dátum podania prioritnej prihlášky
|b CZ
|e kód krajiny prioritnej prihlášky
|
| 015 |
|
|
|a SNBN2018
|
| 040 |
|
|
|a SNK
|b slo
|c SNK
|e AACR2
|
| 041 |
0 |
|
|a slo
|
| 044 |
|
|
|a xo
|c SK
|
| 072 |
|
7 |
|a 614.84
|x Požiare. Ochrana pred požiarmi
|2 konspekt
|
| 072 |
|
7 |
|a 623
|x Vojenská technika
|2 konspekt
|
| 080 |
|
|
|a 614.84
|2 2011
|
| 080 |
|
|
|a 623.459.8
|2 2011
|
| 084 |
|
|
|a C01B 11/06
|2 IPC
|
| 084 |
|
|
|a A62D 3/00
|2 IPC
|
| 084 |
|
|
|a G21F 9/00
|2 IPC
|
| 084 |
|
|
|a C09K 3/00
|2 IPC
|
| 084 |
|
|
|a B01F 3/08
|2 IPC
|
| 245 |
0 |
0 |
|a Spôsob kontinuálnej výroby emulznej dekontaminačnej zmesi vo forme obrátenej emulzie a zariadenie na realizáciu tohto spôsobu
|c Ladislav Kuběna ... [et al.] ; patent. zást. Mária Holoubková
|
| 260 |
|
|
|a [Banská Bystrica]
|b Úrad priemyselného vlastníctva SR
|c [2017]
|
| 300 |
|
|
|a 6 s.
|b obr.
|c 30 cm
|
| 650 |
0 |
7 |
|a požiarna ochrana
|2 SNKPH
|9 1501
|
| 650 |
0 |
7 |
|a Fire protection
|2 SNKPHeng
|9 265684
|
| 650 |
0 |
7 |
|a dekontaminácia
|2 SNKPH
|9 28004
|
| 650 |
0 |
7 |
|a vojenská technika
|2 SNKPH
|9 29297
|
| 650 |
0 |
7 |
|a Inorganic chemistry
|2 SNKPHeng
|9 265250
|
| 650 |
0 |
7 |
|a Decontamination
|2 SNKPHeng
|9 328044
|
| 655 |
|
7 |
|a patenty
|2 SNKPH
|9 177343
|
| 655 |
|
7 |
|a patent licenses
|2 SNKPHeng
|9 303430
|
| 700 |
1 |
|
|a Omaník, František
|4 org
|9 758058
|
| 700 |
1 |
|
|a Kraus, Jiří
|4 org
|9 683263
|
| 700 |
1 |
|
|a Holoubková, Mária
|4 oth
|9 321027
|
| 700 |
1 |
|
|a Merenda, Jan
|4 org
|9 758059
|
| 700 |
1 |
|
|a Opluštil, František
|4 org
|9 758060
|
| 700 |
1 |
|
|a Kuběna, Ladislav
|4 org
|9 758061
|
| 710 |
2 |
|
|a VOP CZ (Šenov u Nového Jičína, Česko)
|4 pth
|9 758062
|
| 852 |
|
|
|a Štátna vedecká knižnica v Banskej Bystrici
|
| 999 |
|
|
|c 1197213
|d 1199143
|
| 952 |
|
|
|a SNK
|b SNK
|y PREZ
|7 0
|p 17A1306901
|o snkSK 288518
|i snk2018/912
|8 0
|0 0
|1 0
|4 0
|d 2018-01-15
|l 0
|r 2026-02-24 22:30:41
|w 2026-02-24
|